Der kampf um die tschechoslovakische selbstèandigkeit. / (Record no. 117871)

MARC details
000 -LEADER
campo de control de longitud fija 00414nam a2200145 4500
001 - NÚMERO DE CONTROL
campo de control 117871
003 - IDENTIFICADOR DE NÚMERO DE CONTROL
campo de control ES-MaACL
007 - CAMPO FIJO DE DESCRIPCIÓN FÍSICA--INFORMACIÓN GENERAL
campo de control de longitud fija t|
008 - DATOS DE LONGITUD FIJA--INFORMACIÓN GENERAL
campo de control de longitud fija 070214s1928 xr r ||||1| ger d
100 1# - ENTRADA PRINCIPAL--NOMBRE DE PERSONA
Nombre de persona Papousek, Jaroslav.
9 (RLIN) 88880
245 10 - MENCIÓN DEL TÍTULO
Título Der kampf um die tschechoslovakische selbstèandigkeit. /
Mención de responsabilidad, etc. Jaroslav Papousek.
260 ## - PUBLICACIÓN, DISTRIBUCIÓN, ETC.
Lugar de publicación, distribución, etc. Prag :
Nombre del editor, distribuidor, etc. Orbis,
Fecha de publicación, distribución, etc. 1928.
300 ## - DESCRIPCIÓN FÍSICA
Extensión 96 p. ;
Dimensiones 19 x 12 cm.
852 ## - LOCALIZACIÓN
Ubicación ES-MaACL
Número de control de estantería B-6469
Holdings
Estatus retirado Estado de pérdida Estado de daño No para préstamo Biblioteca de origen Biblioteca actual Ubicación en estantería Fecha de adquisición Fuente de adquisición Total de préstamos Signatura topográfica completa Código de barras Visto por última vez Precio de reemplazo Tipo de ítem Koha
        Biblioteca del Ateneo de Madrid Biblioteca del Ateneo de Madrid Sala Pardo Bazán 17/01/2008     B-6469 1122883 23/02/2023 23/02/2023 Libro impreso